000 00339nam a2200133Ia 4500
005 20260326235442.0
008 260326s9999||||xx |||||||||||||| ||und||
100 _aOtt, Carlos
245 0 _aPintura y Escultura II /
_cCarlos Ott
260 _bFacultad de Arquitectura y Urbanismo de
300 _a157 p.
650 _aPINTURA
942 _cBK
999 _c7463
_d7463